| 000 | 00710cam a22002291 4500 | ||
|---|---|---|---|
| 001 | sa 66001890 | ||
| 003 | DLC | ||
| 005 | 20260227112225.0 | ||
| 008 | 870825s1964 ii 000 0 eng | ||
| 010 | _asa 66001890 | ||
| 025 | _aPL480:I-E-4412 | ||
| 035 | _a(OCoLC)16533828 | ||
| 040 |
_aDLC _cWaU _dWaU _dDLC |
||
| 042 | _apremarc | ||
| 050 | 0 | 0 |
_aJQ620.A7 _bA5 |
| 110 | 1 |
_aAndhra Pradesh (India). _bFinance Department. _bTwo-Man Committee. |
|
| 245 | 0 | 0 | _aReport. |
| 260 |
_aHyderabad, _bPrinted by the Director of Printing at the Govt. Secretariat Press, _c1964. |
||
| 300 |
_aii, 135 p. _c25 cm. |
||
| 500 | _aCover title. | ||
| 651 | 0 |
_aAndhra Pradesh (India) _xOfficials and employees _xSalaries, etc. |
|
| 999 |
_c68050 _d68050 |
||